Teogonía : Los trabajos y los días, El escudo de Heracles
Gardado en:
| Autor Principal: | |
|---|---|
| Formato: | Libro |
| Idioma: | Undetermined |
| Publicado: |
México, Distrito Federal
Porrúa
1982
|
| Edición: | 6 |
| Materias: | |
| Etiquetas: |
Engadir etiqueta
Sen Etiquetas, Sexa o primeiro en etiquetar este rexistro!
|
MARC
| LEADER | 00000nam a2200000Ia 4500 | ||
|---|---|---|---|
| 008 | 170316s9999 xx 000 0 und d | ||
| 040 | |a cru BVZT | ||
| 090 | |a 880 H-3t | ||
| 100 | |a Hesíodo | ||
| 245 | |a Teogonía : Los trabajos y los días, El escudo de Heracles | ||
| 250 | |a 6 | ||
| 260 | |a México, Distrito Federal | ||
| 260 | |b Porrúa | ||
| 260 | |c 1982 | ||
| 300 | |a 89 páginas | ||
| 650 | |a LITERATURA GRIEGA | ||
| 999 | |c 11902 |d 11902 | ||
| 942 | |c 15 D |h 880 H-3t |2 z | ||
